Munkára nevelés az alapiskolák 4. osztálya számára

Bibliographic Details
Main Authors: Kožuchová, Mária, 1950- (Author), Hirschnerová, Zuzana, 1972- (Author), Vorelová, Anna (Author)
Other Authors: Simová, Eva, 1942- (Translator), Končeková-Veselá, Ľuba, 1942- (Illustrator)
Format: Book
Language:Hungarian
Slovak
Published: Bratislava Expol pedagogika 2003
Edition:1. kiad.
Subjects:

MARC

LEADER 00000cam a2200000 a 4500
001 vtls001465874
003 SK-MaSNL
005 20260302073250.0
008 240314s2003 xo a g 000 0 hun
015 |a SNBA2004/06-03460 
020 |a 808900332X  |q (brožované) 
035 |a SNK000421179 
035 |a urn:nbn:sk:snk-amls2g 
035 |a urn:nbn:sk:snk-am00c9cm 
035 |a 6EEF42C7-8A70-4C6C-B2C8-A7856F5D3D80 
040 |a SNK  |b slo  |c SNK  |e AACR2 
041 1 |a hun  |h slo 
044 |a xo  |c SK 
072 7 |a 37.016  |x Učebné osnovy. Vyučovacie predmety. Učebnice  |2 konspekt 
072 7 |a 37  |x Výchova a vzdelávanie  |2 konspekt 
080 |a 371.381  |2 1981 
080 |a (075.2)  |2 1981 
080 |a 371:376.74  |2 2001 
100 1 |a Kožuchová, Mária,  |d 1950-  |4 aut  |9 185671 
245 1 0 |a Munkára nevelés az alapiskolák 4. osztálya számára  |c [szerzők: Mária Kožuchová, Zuzana Hirschnerová, Anna Vorelová ; fordította Eva Simová ; illusztrációk Ľubica Končeková] 
250 |a 1. kiad. 
260 |a Bratislava  |b Expol pedagogika  |c 2003 
300 |a 72 s.  |b fareb. ilustr.  |c 29 cm 
500 |a Tir. aj slov. 
546 |a Pravdepodobne preložené zo slovenčiny 
650 0 7 |a pracovná výchova  |2 SNKPH  |9 66811 
650 0 7 |a menšinové školy  |2 SNKPH  |9 102957 
650 0 7 |a Manual education  |2 SNKPHeng  |9 314442 
650 0 7 |a Minority schools  |2 SNKPHeng  |9 488088 
655 7 |a učebnice základných škôl  |2 SNKPH  |9 70187 
655 7 |a Textbooks (elementary)  |2 SNKPHeng  |9 276977 
700 1 |a Hirschnerová, Zuzana,  |d 1972-  |4 aut  |9 211295 
700 1 |a Vorelová, Anna  |4 aut  |9 47672 
700 1 |a Simová, Eva,  |d 1942-  |4 trl  |9 111589 
700 1 |a Končeková-Veselá, Ľuba,  |d 1942-  |4 ill  |9 219100 
919 |a 80-89003-32-X 
958 |a HU 
958 |a OP 
999 |c 1160139  |d 1162069 
952 |t P60, <03>, [BOOK], {603}  |a SNK  |b SNK  |y PREZ  |7 0  |p 17A0408639  |o snkSB 67830  |i snkKSP 389/2004  |0 0  |1 0  |4 0  |d 2004-01-13  |f 1  |l 0  |r 2025-04-16 00:00:00  |w 2026-02-24 
952 |a SNK  |b SNK  |y VYP  |7 0  |p 17A0541949  |o snkSB 67830 D1  |i snk2007/5450  |8 1  |0 0  |1 0  |4 0  |d 2007-02-27  |l 0  |r 2026-02-24 20:30:31  |w 2026-02-24